मस्तिष्क रोग एवं आयुर्वेद (Record no. 1238301)
[ view plain ]
| 000 -LEADER | |
|---|---|
| fixed length control field | 01082nam a22002537a 4500 |
| 005 - DATE AND TIME OF LATEST TRANSACTION | |
| control field | 20250129153621.0 |
| 008 - FIXED-LENGTH DATA ELEMENTS--GENERAL INFORMATION | |
| fixed length control field | 250129b |||||||| |||| 00| 0 eng d |
| 020 ## - INTERNATIONAL STANDARD BOOK NUMBER | |
| International Standard Book Number | 978-81-977854-2-9 (hbk) |
| 037 ## - SOURCE OF ACQUISITION | |
| Terms of availability | TB |
| 040 ## - CATALOGING SOURCE | |
| Original cataloging agency | AL |
| Transcribing agency | AL |
| 041 ## - LANGUAGE CODE | |
| Source of code | hin |
| Language code of text/sound track or separate title | hin |
| 084 ## - COLON CLASSIFICATION NUMBER | |
| Classification number | LB,72:4:6 152R4 |
| Assigning agency | AL |
| 100 ## - MAIN ENTRY--PERSONAL NAME | |
| Personal name | रस्तोगी, अंशुला |
| 245 ## - TITLE STATEMENT | |
| Title | मस्तिष्क रोग एवं आयुर्वेद |
| 260 ## - PUBLICATION, DISTRIBUTION, ETC. | |
| Place of publication, distribution, etc. | नई दिल्ली, भारत: |
| Name of publisher, distributor, etc. | रावत प्रकाशन, |
| Date of publication, distribution, etc. | 2024 |
| 300 ## - PHYSICAL DESCRIPTION | |
| Extent | 216 पृ0 |
| 365 ## - TRADE PRICE | |
| Price amount | 1200.00 |
| Currency code | INR |
| 650 ## - SUBJECT ADDED ENTRY--TOPICAL TERM | |
| Topical term or geographic name entry element | चिकित्सा |
| 650 ## - SUBJECT ADDED ENTRY--TOPICAL TERM | |
| Topical term or geographic name entry element | वेद - आयुर्वेद |
| 653 ## - INDEX TERM--UNCONTROLLED | |
| Uncontrolled term | चिकित्सा |
| 653 ## - INDEX TERM--UNCONTROLLED | |
| Uncontrolled term | वेद - आयुर्वेद |
| 942 ## - ADDED ENTRY ELEMENTS (KOHA) | |
| Source of classification or shelving scheme | Colon Classification (CC) |
| Koha item type | Textbook |
| Classification part | LB,72:4:6 152R4 |
| Suppress in OPAC | No |
| Withdrawn status | Lost status | Source of classification or shelving scheme | Damaged status | Not for loan | Home library | Current library | Date acquired | Source of acquisition | Inventory number | Total Checkouts | Full call number | Barcode | Date due | Date last seen | Date last checked out | Price effective from | Koha item type |
|---|---|---|---|---|---|---|---|---|---|---|---|---|---|---|---|---|---|
| Colon Classification (CC) | Arts Library | Arts Library | 2025-01-29 | मेहरचंद लक्ष्मणदास पब्लिकेशन्स | 6716 & 2024-12-02 | 2 | LB,72:4:6 152R4 | AL1804100 | 2026-03-24 | 2026-03-10 | 2026-03-10 | 2025-01-29 | Textbook |
